000 00326nam a2200133 i 4500
001 bg
100 1 _aROSZKOWSKI, Mirosław
245 0 _aTeoria sterowania automatycznego /
_cMirosław Roszkowski.
260 _aŁódź,
_c1979.
040 _cBPK
041 _apol
942 _cKS
008 s pl f |000 0 pol
999 _c19072
_d19072
856 _uhttp://koha.tu.koszalin.pl/cgi-bin/koha/opac-detail.pl?biblionumber=19072
_yKatalog online BPK